000 00906nam a2200265 i 4500
001 000044307
003 DO-SdBNP
005 20241025151849.0
007 ta
008 140613s2004 dr a 000 0 spa d
040 _aDO-SdBNP
_bspa
_cBNPHU
_erda
082 4 _axxx
_bxxx
_222
100 1 _aCamarena Gómez, Germán,
_eautor
_4aut.
_946297
245 1 3 _aEl cupey :
_bhistoria y desarrollo /
_cGermán Camarena Gómez ; prólogo, Oscar Hungría.
250 _aPrimera edición
264 4 _aSanto Domingo :
_beditor no identificado,
_c@2004.
300 _a103 páginas :
_bilustraciones ;
_c21 cm.
336 _atexto
_btxt
_2rdacontent
337 _asin mediación
_bn
_2rdamedia
338 _avolumen
_bnc
_2rdacarrier
500 _aIncluye datos biográficos del autor en la contracubierta
590 _aInventariado, 2024/BT
700 1 _aHungría, Oscar,
_eprologuista
_4pr.
_972313
942 _2ddc
_cLBS1
999 _c43796
_d43796